00553 a2200169 4500008004100000010001400041020002300055035001300078037001800091082001000109245009100119260004200210270008100252300002500333500001900358710000600377080822t xxu||||| |||| 00| 0 eng d aENG-85097 a8188689203c325.00 aEN-68630 bD.B.Act / Pub a620.5 aNanotechnologybbasic science and emerging technologiescby Mick Wilson ...[et . al] aNew DelhibOverseas Press Indiac2006 a7/28, Ansari Road, Darya GanjbNew Delhie110 002moverseas@de13.vsnl.nic.in avi,178p.b22cm.(Pbk) aincludes index b.